Statistics for 100 Common German Verbs

Click here to take the quiz!

General Stats

  • This quiz has been taken 1,865 times
    (1,853 since last reset)
  • The average score is 57 of 100

Answer Stats

HinAnswer% Correct
eatessen
92%
gogehen
90%
seesehen
90%
speaksprechen
89%
workarbeiten
88%
lovelieben
88%
havehaben
87%
makemachen
87%
singsingen
87%
sleepschlafen
86%
saysagen
85%
drinktrinken
85%
findfinden
84%
buykaufen
84%
comekommen
84%
writeschreiben
84%
livewohnen
84%
hearhoeren
81%
readlesen
81%
besein
81%
givegeben
80%
helphelfen
79%
playspielen
79%
dancetanzen
78%
thinkdenken
77%
wantwollen
77%
flyfliegen
76%
costkosten
76%
learnstudieren
75%
cookkochen
73%
believeglauben
71%
hopehoffen
71%
likemögen
71%
understandverstehen
71%
studylernen
70%
beginbeginnen
68%
needbrauchen
68%
be able tokoennen
68%
shouldsollen
68%
know (facts)wissen
68%
hatehassen
67%
waitwarten
67%
dreamträumen
66%
answerantworten
65%
know (familiarity)kennen
65%
takenehmen
65%
visitbesuchen
64%
openöffnen
63%
sendschicken
63%
travelreisen
62%
sellverkaufen
58%
look forsuchen
57%
becomewerden
55%
followfolgen
54%
laughlachen
54%
buildbauen
53%
call upanrufen
51%
let/allowlassen
51%
tryversuchen
51%
maydürfen
50%
inviteeinladen
50%
lie/be locatedliegen
50%
talkreden
47%
closeschliessen
47%
mean (intention)meinen
46%
arriveankommen
45%
interestinteressieren
45%
happenpassieren
44%
carrytragen
44%
explainerklären
43%
cutschneiden
41%
usenutzen
40%
fightkämpfen
39%
breakbrechen
37%
comparevergleichen
37%
loseverlieren
36%
remembererinnern
35%
lay/placelegen
35%
connectverbinden
35%
mean (word)bedeuten
34%
decideentscheiden
34%
clean, tidyputzen
34%
developentwickeln
33%
lookschauen
31%
offerbieten
30%
smellriechen
30%
leaveverlassen
30%
recognizeerkennen
29%
tellerzählen
29%
lackfehlen
28%
enjoygenießen
24%
mustmuessen
24%
lastdauern
22%
reach, passreichen
22%
seemscheinen
22%
createschaffen
21%
keepbehalten
20%
feelfuehlen
18%
get/obtainkriegen
15%
receiveempfangen
9%

Score Distribution

Percentile by Number Answered

Percent of People with Each Score

Your Score History

You have not taken this quiz since the last reset